| 000 | 00721nam a22002057a 4500 | ||
|---|---|---|---|
| 005 | 20250122170154.0 | ||
| 010 | _aENG-142744 | ||
| 020 |
_a9788196362942 _c800.00 |
||
| 035 | _aEN-126276 | ||
| 037 | _bDBAD | ||
| 082 |
_21 _a327.2 |
||
| 100 |
_aS.D. Muni _976871 |
||
| 245 |
_aDabbling in Diplomacy: _bAuthorised & Otherwise, Recollections of a Non-Career Diplomat/ _cby S.D. Muni |
||
| 250 | _a1 | ||
| 260 |
_aNew Delhi _bKonark Publishers _c2024 |
||
| 270 |
_a206, First Floor, Peacock Lane, Shahpur Jat _bNew Delhi _e110049 _k(011) 41055065,65254972 _mkonarkpublishers@hotmail.com |
||
| 300 |
_axi,228p. _c23cm (Hb) _bcol. photos |
||
| 500 | _aIncludes index | ||
| 942 |
_2ddc _cEN _mMUN _e1 _h327.2 |
||
| 999 |
_c207212 _d207212 |
||